000 00424nam a2200133Ia 4500
005 20260328101458.0
008 260328s9999||||xx |||||||||||||| ||und||
100 _aCorradine Angulo, Alberto
245 0 _aArte y Arquitectura en Santander :
_b Primera y segunda etapas 1979-1982 /
_cAlberto Corradine Angulo
260 _bUniversidad Nacional de Colombia
300 _a175 p.
650 _aARQUITECTURA REGIONAL
942 _cBK
999 _c8892
_d8892